[Event "AUT-chT2M 1819"]
[White "Opietnik, Christoph"]
[Black "Hellmayr, Alois"]
[Site "Austria"]
[Round "11.1"]
[Result "0-1"]
[Date "2019.03.03"]
[WhiteElo "2085"]
[BlackElo "2273"]
[PlyCount "82"]
[EventDate "2018.10.19"]
[EventType "team-tourn"]
[EventRounds "11"]
[EventCountry "AUT"]
[SourceTitle "CBM 189 Extra"]
[Source "ChessBase"]
[SourceDate "2019.05.31"]
[SourceVersion "1"]
[SourceVersionDate "2019.05.31"]
[SourceQuality "1"]
[WhiteTeam "Die Klagenfurter"]
[BlackTeam "Sauwald"]
[WhiteTeamCountry "AUT"]
[BlackTeamCountry "AUT"]

1. e4 c5 2. Nf3 Nc6 3. Bb5 g6 4. 0-0 Bg7 5. Re1 e5 6. Nc3 Nge7 7. d3 0-0 8. Bg5 h6 9. Be3 d6 10. Ne2 f5 11. c3 f4 12. Bc1 g5 13. h3 Qe8 14. d4 Qg6 15. Bxc6 bxc6 16. dxc5 dxc5 17. Kh1 h5 18. Nh2 g4 19. Ng1 Rb8 20. b3 f3 21. gxf3 gxh3 22. Nxh3 Bxh3 23. Rg1 Qe6 24. Be3 Rf6 25. Bxc5 Ng6 26. Bxa7 Rbf8 27. Be3 Nf4 28. Bxf4 exf4 29. a4 Rg6 30. Qc2 Rff6 31. a5 Rxg1+ 32. Rxg1 Rg6 33. Qd1 Rxg1+ 34. Qxg1 Qxb3 35. a6 Qa4 36. Nf1 Qxa6 37. Nd2 Qe2 38. Qg6 Bd7 39. Qd6 Be8 40. Qxf4 Qxf2 41. e5 Qe1+ 0-1

[Event "AUT-chT2M 1819"]
[White "Opietnik, Christoph"]
[Black "Herndl, Gerald"]
[Site "Austria"]
[Round "9.3"]
[Result "1-0"]
[Date "2019.03.01"]
[WhiteElo "2085"]
[BlackElo "2043"]
[PlyCount "93"]
[EventDate "2018.10.19"]
[EventType "team-tourn"]
[EventRounds "11"]
[EventCountry "AUT"]
[SourceTitle "CBM 189 Extra"]
[Source "ChessBase"]
[SourceDate "2019.05.31"]
[SourceVersion "1"]
[SourceVersionDate "2019.05.31"]
[SourceQuality "1"]
[WhiteTeam "Die Klagenfurter"]
[BlackTeam "St Valentin"]
[WhiteTeamCountry "AUT"]
[BlackTeamCountry "AUT"]

1. e4 e5 2. Nf3 Nc6 3. Bc4 Nf6 4. d3 Bc5 5. c3 d6 6. 0-0 Qe7 7. Nbd2 Bg4 8. h3 Bd7 9. b4 Bb6 10. Re1 Nh5 11. Nf1 0-0-0 12. a4 a5 13. b5 Nb8 14. d4 Nf4 15. Bxf4 exf4 16. e5 Be6 17. d5 dxe5 18. Qe2 Bxd5 19. Nxe5 Qc5 20. Bxd5 Rxd5 21. Nxf7 Rf8 22. Qe6+ Rd7 23. Re2 Qd5 24. Qxd5 Rxd5 25. Ne5 Nd7 26. Nxd7 Rxd7 27. Rae1 Kd8 28. Nd2 c6 29. Nc4 Bc5 30. Nxa5 cxb5 31. axb5 f3 32. Re5 Bd6 33. Re6 Bc5 34. Nb3 Ba7 35. b6 Bb8 36. Nc5 Rdf7 37. R6e4 fxg2 38. Ne6+ Kd7 39. Nxf8+ Rxf8 40. Re7+ Kc6 41. Rxg7 Kxb6 42. Rb1+ Kc5 43. Rgxb7 Bd6 44. Rxh7 Rg8 45. Rh4 Be5 46. Rh5 Kd6 47. Rd1+ 1-0

[Event "AUT-ch"]
[White "Holzleithner, Johannes"]
[Black "Opietnik, Christoph"]
[Site "Vienna"]
[Round "9"]
[Result "1-0"]
[Date "2018.07.29"]
[WhiteElo "2000"]
[BlackElo "1983"]
[PlyCount "99"]
[EventDate "2018.07.22"]
[EventType "swiss"]
[EventRounds "9"]
[EventCountry "AUT"]
[SourceTitle "CBM 185 Extra"]
[Source "ChessBase"]
[SourceDate "2018.07.29"]
[SourceVersion "1"]
[SourceVersionDate "2018.07.29"]
[SourceQuality "1"]

1. e4 c5 2. Nf3 d6 3. d4 cxd4 4. Nxd4 Nf6 5. Nc3 g6 6. Be3 Bg7 7. Be2 0-0 8. f3 Nc6 9. Qd2 Nxd4 10. Bxd4 Be6 11. 0-0 a6 12. Kh1 Rc8 13. Rad1 Qc7 14. Bd3 b5 15. b3 Rfd8 16. Qf2 Ng4 17. fxg4 Bxd4 18. Nxb5 Bxf2 19. Nxc7 Bxg4 20. Nd5 Bh4 21. Rd2 Ra8 22. g3 Bg5 23. Rdf2 Be6 24. Nc7 Ra7 25. Nxe6 fxe6 26. Bc4 d5 27. Rd1 Kg7 28. exd5 exd5 29. Rxd5 Rxd5 30. Bxd5 Bf6 31. Kg2 a5 32. c4 Kf8 33. a3 Ke8 34. b4 axb4 35. axb4 Kd8 36. b5 Kc7 37. c5 Ra5 38. Bc6 Be5 39. Rc2 h6 40. Kf3 Ra3+ 41. Ke4 Rc3 42. Rxc3 Bxc3 43. Be8 g5 44. Kd5 Bb4 45. Kc4 Ba3 46. b6+ Kd8 47. Bg6 Bc1 48. Bf5 Be3 49. Kb5 Bg1 50. c6 1-0

[Event "AUT-ch"]
[White "Wagner, Leopold Franziskus"]
[Black "Opietnik, Christoph"]
[Site "Vienna"]
[Round "3"]
[Result "1-0"]
[Date "2018.07.23"]
[WhiteElo "2108"]
[BlackElo "1983"]
[PlyCount "61"]
[EventDate "2018.07.22"]
[EventType "swiss"]
[EventRounds "9"]
[EventCountry "AUT"]
[SourceTitle "CBM 185 Extra"]
[Source "ChessBase"]
[SourceDate "2018.07.29"]
[SourceVersion "1"]
[SourceVersionDate "2018.07.29"]
[SourceQuality "1"]

1. Nf3 d5 2. g3 Nf6 3. Bg2 e6 4. 0-0 c5 5. e3 Nc6 6. d4 b6 7. Ne5 Bb7 8. c3 Bd6 9. f4 Ne4 10. Bxe4 dxe4 11. Nd2 Ne7 12. Qa4+ Kf8 13. Ndc4 cxd4 14. cxd4 g6 15. Bd2 Nd5 16. Nd7+ Ke7 17. Nxd6 Kxd6 18. Bb4+ Nxb4 19. Ne5 Ke7 20. Qxb4+ Kf6 21. g4 Kg7 22. f5 Rf8 23. f6+ Kg8 24. Qe1 Qd6 25. Qh4 Rfd8 26. Rac1 Rac8 27. Nxf7 Rxc1 28. Nxd6 Rxf1+ 29. Kxf1 Rxd6 30. f7+ Kg7 31. Qe7 1-0

[Event "AUT-ch"]
[White "Steiner, Bruno"]
[Black "Opietnik, Christoph"]
[Site "Vienna"]
[Round "1"]
[Result "1/2-1/2"]
[Date "2018.07.22"]
[WhiteElo "2194"]
[BlackElo "1983"]
[PlyCount "115"]
[EventDate "2018.07.22"]
[EventType "swiss"]
[EventRounds "9"]
[EventCountry "AUT"]
[SourceTitle "CBM 185 Extra"]
[Source "ChessBase"]
[SourceDate "2018.07.29"]
[SourceVersion "1"]
[SourceVersionDate "2018.07.29"]
[SourceQuality "1"]

1. d4 d5 2. Nf3 Nf6 3. c4 e6 4. e3 c5 5. a3 a6 6. dxc5 Bxc5 7. b4 Be7 8. Bb2 dxc4 9. Qxd8+ Bxd8 10. Bxc4 b5 11. Bd3 Bb7 12. Nbd2 Nbd7 13. 0-0 0-0 14. Rac1 Bb6 15. e4 Rfd8 16. Bb1 e5 17. Rfe1 a5 18. Nb3 axb4 19. axb4 Ra4 20. Nc5 Nxc5 21. bxc5 Ba5 22. c6 Bxc6 23. Re2 Bxe4 24. Nxe5 Bxb1 25. Rxb1 Rd2 26. Rxd2 Bxd2 27. Rd1 Bb4 28. Rd8+ Bf8 29. Nc6 Re4 30. f3 Re6 31. Nd4 Rb6 32. Nf5 Rb7 33. Ba3 Nd7 34. Ne7+ Kh8 35. Nd5 Kg8 36. Bd6 h5 37. Nc7 Kh7 38. Nxb5 Rxb5 39. Bxf8 Nxf8 40. Rxf8 Kg6 41. h3 h4 42. Rh8 Rb4 43. Kh2 Kg5 44. Rc8 f5 45. Ra8 Kf4 46. Ra7 g5 47. Ra8 Rd4 48. Rc8 g4 49. hxg4 fxg4 50. Rf8+ Kg5 51. Rg8+ Kh5 52. Rh8+ Kg5 53. Rg8+ Kh5 54. fxg4+ Rxg4 55. Rh8+ Kg5 56. Rg8+ Kf4 57. Rf8+ Kg5 58. Rg8+ 1/2-1/2

[Event "Styrian op U14/16 20th"]
[White "Opietnik, Christoph"]
[Black "Kovacec, Klemen"]
[Site "Mureck"]
[Round "6"]
[Result "1/2-1/2"]
[Date "2013.08.05"]
[WhiteElo "1633"]
[BlackElo "1392"]
[PlyCount "43"]
[EventDate "2013.07.31"]
[EventType "swiss"]
[EventRounds "9"]
[EventCountry "AUT"]
[SourceTitle "EXT 2015"]
[Source "ChessBase"]
[SourceDate "2014.11.20"]
[SourceVersion "1"]
[SourceVersionDate "2014.11.20"]
[SourceQuality "1"]

1. e4 e5 2. Nf3 Nc6 3. Bc4 Bc5 4. c3 Nf6 5. d3 d6 6. Nbd2 0-0 7. 0-0 Bg4 8. Re1 Re8 9. Qb3 Qd7 10. Qxb7 Rab8 11. Qa6 Nh5 12. b4 Bb6 13. Nf1 Bxf3 14. gxf3 Qh3 15. Qa4 Qxf3 16. Qc2 Nf4 17. Bxf4 exf4 18. d4 Qg4+ 19. Kh1 Qf3+ 20. Kg1 Qh3 21. Kh1 Qf3+ 22. Kg1 1/2-1/2

[Event "AUT-ch U14"]
[White "Opietnik, Christoph"]
[Black "Gludovatz, Lukas"]
[Site "Tschagguns"]
[Round "6"]
[Result "0-1"]
[Date "2012.05.28"]
[WhiteElo "1680"]
[BlackElo "1631"]
[PlyCount "42"]
[EventDate "2012.05.26"]
[EventType "swiss"]
[EventRounds "7"]
[EventCountry "AUT"]
[SourceTitle "CBM 148 Extra"]
[Source "ChessBase"]
[SourceDate "2012.06.22"]
[SourceVersion "1"]
[SourceVersionDate "2012.06.22"]
[SourceQuality "1"]

1. e4 e6 2. d4 d5 3. exd5 exd5 4. Nf3 Bd6 5. Bd3 Ne7 6. 0-0 Nbc6 7. c3 Bg4 8. Re1 Qd7 9. Nbd2 0-0-0 10. Nf1 f6 11. Ng3 h5 12. h3 h4 13. Nf1 Bh5 14. N1h2 g5 15. Be2 Rdg8 16. Nd2 Bf7 17. Ndf1 f5 18. f3 Be6 19. Be3 Bg3 20. Bf2 Qd6 21. Kh1 Bxf2 0-1